| 000 | 00493nam a2200205Ia 4500 | ||
|---|---|---|---|
| 003 | 0100 | ||
| 008 | 130303s9999 xx 000 0 und d | ||
| 020 | _a1853591254 | ||
| 040 | _cARRUPELIB | ||
| 050 | _aLB1034.Y58 1991 | ||
| 100 | _aYoung, Robert | ||
| 245 | _aCritical theory and classroom talk | ||
| 260 | _aAvon | ||
| 260 | _bMultilingual Matters | ||
| 260 | _C1991 | ||
| 300 | _a141p. | ||
| 300 | _b 21cm | ||
| 440 | _aThe Language and Education Library 2 | ||
| 942 |
_2lcc _01 |
||
| 999 |
_c64103 _d64103 |
||